000 00789nam a22002057a 4500
999 _c61674
_d61674
005 20240416115309.0
008 240416s2007 enk||||| |||| 00| 0 eng d
020 _a9781432507855x
041 _aeng
080 _a616.21(075.8) B-96
100 _aBurnett, Charles H.
_921807
245 _aA Textbook on Diseases of the Ear, Nose and Throat
_cCharles H. Burnett, E. Fletcher Ingals, James E. Newcomb.
264 _aPhiladelphia :
_bLippincott Company,
_c2007.
300 _a716 p.:
_bill. ;
_c28 cm.
653 _aყელ ყურ ცხვირის დაავადებები
653 _aმედიცინა
700 _aIngals, E. Fletcher
_eავტორი
_921808
700 _aNewcomb, James E.
_eავტორი
_921809
942 _2udc
_cᲬᲘᲒᲜᲘ